| 000 | 00591nam a2200217Ia 4500 | ||
|---|---|---|---|
| 005 | 20250508162829.0 | ||
| 008 | 008 250505s9999 xx 000 0 eng d | ||
| 020 | _a0-205-11715-5 | ||
| 037 | _aTextBook | ||
| 040 |
_aFEDL _beng _cFEDL |
||
| 041 |
_aeng _2eng |
||
| 084 |
_a155.4, BER _qFEDL |
||
| 100 |
_aBerk Laura E _9243561 |
||
| 245 | 0 | _aChild development | |
| 260 |
_aBoston, USA _bAllyn and Bacon _c1989 |
||
| 300 | _axix,692p | ||
| 365 |
_aUSD _b34.5 |
||
| 650 |
_aChild Psychology; Personality _9759626 |
||
| 942 |
_cTB _h155.4, BER |
||
| 999 |
_c1378929 _d1378929 |
||